| 000 | 00979nam a2200229Ia 4500 | ||
|---|---|---|---|
| 999 |
_c56113 _d56113 |
||
| 003 | GCL | ||
| 005 | 20240530105437.0 | ||
| 008 | 140319s9999 xx 000 0 ara d | ||
| 040 |
_aGCL / _cGCL |
||
| 082 | 0 | 4 |
_a810.8 _bا ا |
| 100 | 1 | _aابوالفرج الاصفهانى: على بن الحسين بن محمد بن الهيثم عبدالرحمن بن مروان البغدادى | |
| 245 | 1 | 0 |
_aالاغانى / _cابوالفرج الاصفهانى: على بن الحسين بن محمد بن الهيثم عبدالرحمن بن مروان البغدادى |
| 250 | _aالثانية | ||
| 260 |
_aبيروت : _bدار الكتب العلمية للنشر والتوزيع ، _c1992 |
||
| 300 |
_a27 مج ؛ _c24 سم |
||
| 650 | 0 | 4 | _aالشعر العربى |
| 650 | 0 | 4 | _aالادب العربى |
| 650 | 0 | 4 | _aالشعر العربى - مجموعات |
| 700 | 1 | _aجمال الدين محمد بن مكرم | |
| 700 | 1 | _aعبد ا. مهنا | |
| 942 |
_2ddc _cBK |
||